LDR 01247naa#a2200169#i#450# 001 RU\\bibl\19326 005 20260603035305.3 100 ## _a20260519b2026####ek#y0rusy0150####ca 102 ## _aRU 200 1# _aОТ ТЕОРИИ К ПРАКТИКЕ: ЧАТ-БОТ КАК ЦИФРОВАЯ ПЛАТФОРМА ДЛЯ ПРОФИЛАКТИКИ ПРЕАНАЛИТИЧЕСКИХ НАРУШЕНИЙ В КЛИНИКО-ДИАГНОСТИЧЕСКОЙ ЛАБОРАТОРИИ _eСтатья/тезисы конференции 210 1# _aМосква _cАвтономная некоммерческая образовательная организация высшего образования «Кубанский институт профессионального образования» _d2026 215 ## _a4 с. 608 ## _aСтатья/тезисы конференции _2local 675 ## _aПрикладные системы искусственного интеллекта. Интеллектуальные системы, обладающие знаниями. 004.89 _aХимические методы. 616-074 _z 700 #1 _aАндреева _gЕлена Алексеевна 700 #1 _aОстрая _gЖанна Анатольевна 856 4# _akipo.editorum.ru _u